000 00615nam a2200217 a 4500
001 0001-2130
003 ELIB.Books
008 190724 2010 eng
020 _a9781633690745
092 _a650.1
_bBuc
100 _aBuckingham, Marcus.
245 _aStandout 2.0
_bAssess Your Strengths. Find Your Edge. Win at Work.
260 _aBoston
_bHarvard Business Review Press
_c2015
300 _a211
_c21.5cm
650 _aEmployee Motivation
856 _nKBTS Library
_uKBTS Elib
942 _2ddc
_cBK
990 _a1
998 _aEnglishbooks.elf
_ccat
_e2019-07-24
999 _c12130
_d12130